Historia de la música / (Record no. 55217)

MARC details
000 -LEADER
campo de control de longitud fija 00755nam a2200229 i 4500
001 - NÚMERO DE CONTROL
campo de control 55217
003 - IDENTIFICADOR DE NÚMERO DE CONTROL
campo de control ES-MaACL
005 - FECHA Y HORA DE LA ÚLTIMA TRANSACCIÓN
campo de control 20251003185426.0
007 - CAMPO FIJO DE DESCRIPCIÓN FÍSICA--INFORMACIÓN GENERAL
campo de control de longitud fija t|
008 - DATOS DE LONGITUD FIJA--INFORMACIÓN GENERAL
campo de control de longitud fija 030916s1965 sp ||||1| spa d
100 1# - ENTRADA PRINCIPAL--NOMBRE DE PERSONA
Nombre de persona Della Corte, Andrea.
9 (RLIN) 43532
245 10 - MENCIÓN DEL TÍTULO
Título Historia de la música /
Mención de responsabilidad, etc. A. Della Corte, G. Pannain ; [traducción por Higinio Anglés ; actualizada por José Subirá].
250 ## - MENCION DE EDICION
Mención de edición 2ª ed.
260 ## - PUBLICACIÓN, DISTRIBUCIÓN, ETC.
Lugar de publicación, distribución, etc. Barcelona :
Nombre del editor, distribuidor, etc. Labor,
Fecha de publicación, distribución, etc. [1965]
300 ## - DESCRIPCIÓN FÍSICA
Extensión 3 v., 155 lám. :
Otras características físicas il. ;
Dimensiones 26 cm.
650 #4 - PUNTO DE ACCESO ADICIONAL DE MATERIA--TÉRMINO DE MATERIA
Término de materia o nombre geográfico como elemento de entrada Música-
Subdivisión de forma Historia
9 (RLIN) 15391
700 1# - ENTRADA AGREGADA--NOMBRE PERSONAL
Nombre de persona Pannain, G.
9 (RLIN) 88799
700 1# - ENTRADA AGREGADA--NOMBRE PERSONAL
Nombre de persona Anglés, Higinio,
Fechas asociadas al nombre 1888-1969
9 (RLIN) 21747
700 1# - ENTRADA AGREGADA--NOMBRE PERSONAL
Nombre de persona Subirá, José,
Fechas asociadas al nombre 1882-1980
9 (RLIN) 108686
852 ## - LOCALIZACIÓN
Ubicación ES-MaACL
Número de control de estantería C-27921-23
Holdings
Estatus retirado Estado de pérdida Estado de daño No para préstamo Biblioteca de origen Biblioteca actual Ubicación en estantería Fecha de adquisición Fuente de adquisición Total de préstamos Signatura topográfica completa Código de barras Visto por última vez Precio de reemplazo Tipo de ítem Koha
        Biblioteca del Ateneo de Madrid Biblioteca del Ateneo de Madrid Depósito 2 17/01/2008     C-27921-23 1058017 23/02/2023 23/02/2023 Libro impreso